[Event "Internet Section 06A g/8'+2\""]
[Site "Dos Hermanas"]
[Date "2004.03.06"]
[Round "2"]
[White "Kanep, Siim"]
[Black "Johnson, Joel F"]
[Result "1-0"]
[WhiteElo "2520"]
[BlackElo "2227"]
[PlyCount "141"]
[EventDate "2004.03.06"]
[EventType "swiss (blitz)"]
[EventRounds "9"]
[EventCountry "ESP"]
[SourceTitle "CBM 099 Extra"]
[Source "ChessBase"]
[SourceDate "2004.05.04"]
[SourceVersion "1"]
[SourceVersionDate "2004.05.04"]
[SourceQuality "1"]

1. d4 b5 2. e4 Bb7 3. Nd2 a6 4. Bd3 Nf6 5. Qe2 e6 6. Ngf3 Be7 7. 0-0 d6 8. c3 Nbd7 9. a4 c6 10. Re1 Qc7 11. Nf1 h6 12. Ng3 e5 13. Nf5 Bf8 14. b4 g6 15. Ng3 Bg7 16. c4 bxa4 17. Rxa4 a5 18. b5 cxb5 19. cxb5 0-0 20. dxe5 dxe5 21. Rc4 Qd8 22. Ba3 Re8 23. Rec1 Rc8 24. Qa2 Nb6 25. Rxc8 Bxc8 26. Rd1 Qc7 27. Rc1 Qd7 28. Bf1 Bb7 29. Bc5 Nc8 30. Nd2 Rd8 31. Rc2 Nd6 32. Bxd6 Qxd6 33. Qxa5 h5 34. h4 Ng4 35. Nc4 Qd1 36. Rd2 Rxd2 37. Qxd2 Qb1 38. f3 Nf6 39. Qd8+ Kh7 40. Qe7 Qxb5 41. Nxe5 Qb6+ 42. Kh2 Qe6 43. Qxe6 fxe6 44. Nf7 Bc8 45. Bc4 Kg8 46. Ng5 Bh6 47. Nxe6 Kh7 48. Ne2 Be3 49. N6f4 Ne8 50. Bf7 Nd6 51. Bxg6+ Kh6 52. Bxh5 Bd7 53. g3 Nc4 54. Bf7 Ne5 55. Nd5 Bb5 56. Nxe3 Bxe2 57. Nf5+ Kh7 58. Bh5 Bxf3 59. Bxf3 Nxf3+ 60. Kg2 Nd2 61. Nd6 Kg6 62. Kf2 Nb3 63. Ke3 Kh5 64. Kf4 Nc5 65. e5 Kg6 66. g4 Nd3+ 67. Ke4 Nf2+ 68. Kf3 Nd3 69. h5+ Kg5 70. Nf7+ Kh4 71. h6 1-0